[Event "Teplice op 3rd"]
[Site "Teplice"]
[Date "2008.06.18"]
[Round "5"]
[White "Cedikova, Katerina"]
[Black "Langrock, Hannes"]
[Result "0-1"]
[WhiteElo "2171"]
[BlackElo "2395"]
[PlyCount "60"]
[EventDate "2008.06.14"]
[EventType "swiss"]
[EventRounds "9"]
[EventCountry "CZE"]
[SourceTitle "CBM 125 Extra"]
[Source "ChessBase"]
[SourceDate "2008.09.01"]
[SourceVersion "1"]
[SourceVersionDate "2008.09.01"]
[SourceQuality "1"]

1. d4 e6 2. c4 b6 3. e4 Bb7 4. Bd3 Nc6 5. Ne2 Nb4 6. Nbc3 Nxd3+ 7. Qxd3 d6 8. Bd2 Nf6 9. 0-0-0 Be7 10. h4 0-0 11. h5 a6 12. f3 b5 13. g4 Nd7 14. Rdg1 c5 15. g5 cxd4 16. Nxd4 Ne5 17. Qe2 Nxc4 18. g6 Bf6 19. gxf7+ Kxf7 20. Nc2 Rc8 21. Kb1 Qc7 22. Rh2 Nxb2 23. Kxb2 b4 24. Nxb4 Bxc3+ 25. Kb1 Bxb4 26. Bxb4 Qb6 27. Rxg7+ Kxg7 28. Rg2+ Kf7 29. Qb2 Rg8 30. Bxd6 Qg1+ 0-1

[Event "Teplice op 3rd"]
[Site "Teplice"]
[Date "2008.06.14"]
[Round "1"]
[White "Cedikova, Katerina"]
[Black "Wirth, Pavel"]
[Result "1-0"]
[WhiteElo "2171"]
[BlackElo "1757"]
[PlyCount "85"]
[EventDate "2008.06.14"]
[EventType "swiss"]
[EventRounds "9"]
[EventCountry "CZE"]
[SourceTitle "CBM 125 Extra"]
[Source "ChessBase"]
[SourceDate "2008.09.01"]
[SourceVersion "1"]
[SourceVersionDate "2008.09.01"]
[SourceQuality "1"]

1. d4 Nf6 2. c4 d5 3. cxd5 Qxd5 4. Nc3 Qa5 5. Bd2 c6 6. Nf3 g6 7. e4 Bg7 8. Be2 Bg4 9. 0-0 Bxf3 10. Bxf3 0-0 11. Qc2 Nbd7 12. Rad1 Rac8 13. e5 Ne8 14. Bg4 e6 15. f4 Qd8 16. Ne4 Nb6 17. Bc1 Nd5 18. a3 Qh4 19. h3 h5 20. g3 Qe7 21. Be2 Kh7 22. Bxh5 Bh6 23. Be2 Rh8 24. Qb3 Kg8 25. Kg2 Qc7 26. Qf3 b6 27. g4 c5 28. dxc5 bxc5 29. Bc4 Nb6 30. Bb5 Bg7 31. g5 c4 32. Rf2 Nd5 33. Rc2 c3 34. Nxc3 Qb7 35. Bxe8 Rxe8 36. Nxd5 exd5 37. Qxd5 Rc8 38. Qxb7 Rxc2+ 39. Kg3 Bf8 40. e6 fxe6 41. Qe4 Rc7 42. Qxg6+ Rg7 43. Qxe6+ 1-0

[Event "Olomouc Friendship"]
[Site "Olomouc"]
[Date "2008.03.23"]
[Round "9"]
[White "Cedikova, Katerina"]
[Black "Pacher, Milan"]
[Result "0-1"]
[WhiteElo "2169"]
[BlackElo "2325"]
[PlyCount "52"]
[EventDate "2008.03.19"]
[EventType "tourn"]
[EventRounds "9"]
[EventCountry "CZE"]
[EventCategory "2"]
[SourceTitle "EXT 2010"]
[Source "ChessBase"]
[SourceDate "2010.11.25"]
[SourceVersion "1"]
[SourceVersionDate "2010.11.25"]
[SourceQuality "1"]

1. d4 Nf6 2. c4 g6 3. Nc3 d5 4. cxd5 Nxd5 5. e4 Nxc3 6. bxc3 Bg7 7. Be3 c5 8. Bc4 cxd4 9. cxd4 Qa5+ 10. Bd2 Qa3 11. Ne2 Nc6 12. Rb1 Qd6 13. 0-0 0-0 14. Be3 Rd8 15. Rb5 e6 16. Qb1 b6 17. Bf4 Qd7 18. d5 Na5 19. dxe6 fxe6 20. Rb4 Nxc4 21. Rxc4 Ba6 22. Rc7 Qb5 23. Rxg7+ Kxg7 24. Qa1+ Kg8 25. Re1 Qxe2 26. Rxe2 Bxe2 0-1

[Event "Olomouc Friendship"]
[Site "Olomouc"]
[Date "2008.03.20"]
[Round "4"]
[White "Kantorik, Marian"]
[Black "Cedikova, Katerina"]
[Result "1-0"]
[WhiteElo "2368"]
[BlackElo "2169"]
[PlyCount "89"]
[EventDate "2008.03.19"]
[EventType "tourn"]
[EventRounds "9"]
[EventCountry "CZE"]
[EventCategory "2"]
[SourceTitle "EXT 2010"]
[Source "ChessBase"]
[SourceDate "2010.11.25"]
[SourceVersion "1"]
[SourceVersionDate "2010.11.25"]
[SourceQuality "1"]

1. d4 g6 2. c4 Bg7 3. Nc3 d6 4. e4 Nf6 5. f4 0-0 6. Nf3 e5 7. fxe5 dxe5 8. d5 Nbd7 9. Be2 Nc5 10. Qc2 a5 11. 0-0 Qd6 12. Kh1 Bd7 13. Be3 Ng4 14. Bg1 Bh6 15. Nb5 Bxb5 16. cxb5 Nd7 17. Qc3 Ngf6 18. Bd3 Nh5 19. Rae1 Rfe8 20. a3 f6 21. Nd2 Bxd2 22. Qxd2 Kg7 23. Be3 g5 24. g3 Kg6 25. Be2 Ng7 26. Bg4 h6 27. Bf5+ Nxf5 28. Rxf5 Rec8 29. h4 c6 30. hxg5 hxg5 31. Bxg5 cxd5 32. Bxf6 Qxf6 33. Rxf6+ Nxf6 34. exd5 e4 35. Rf1 Rh8+ 36. Kg1 Rh5 37. Qd4 Rf8 38. d6 Rf5 39. Rf4 Rd8 40. Kf2 e3+ 41. Ke2 Rxf4 42. gxf4 Kf7 43. Qc4+ Kg6 44. Qe6 Rd7 45. Kxe3 1-0

[Event "CZE-ch (Women) fin"]
[Site "Havlickuv Brod"]
[Date "2008.02.18"]
[Round "1.1"]
[White "Cedikova, Katerina"]
[Black "Nemcova, Katerina"]
[Result "1/2-1/2"]
[WhiteElo "2169"]
[BlackElo "2342"]
[PlyCount "70"]
[EventDate "2008.02.18"]
[EventType "k.o."]
[EventRounds "3"]
[EventCountry "CZE"]
[SourceTitle "CBM 122 Extra"]
[Source "ChessBase"]
[SourceDate "2008.03.04"]
[SourceVersion "1"]
[SourceVersionDate "2008.03.04"]
[SourceQuality "1"]

1. d4 d5 2. c4 c6 3. Nf3 Nf6 4. Nc3 e6 5. g3 dxc4 6. Bg2 Nbd7 7. 0-0 Be7 8. a4 a5 9. e4 0-0 10. Qe2 b6 11. Rd1 Ba6 12. Bf4 Ra7 13. d5 cxd5 14. exd5 exd5 15. Nd4 Nc5 16. Nc6 Qd7 17. Nxe7+ Qxe7 18. Qxe7 Rxe7 19. Bd6 Re6 20. Bxf8 Kxf8 21. Nxd5 Nxd5 22. Bxd5 Re2 23. Rac1 Nd3 24. Bxc4 Nxc1 25. Bxa6 Rc2 26. Bb5 Nb3 27. Rd6 Rxb2 28. Rxb6 Nd4 29. Rb8+ Ke7 30. Rb7+ Kf8 31. Rb8+ Ke7 32. Rb7+ Kf6 33. Rb6+ Ke7 34. Rb7+ Kf6 35. Rb6+ Ke7 1/2-1/2